Normal view
MARC view
- DANISH RATHORE SYED MOHSIN ALI MANESH KUMAR LOHANA
Entry Personal Name
001 - CONTROL NUMBER
- control field: 71407
003 - CONTROL NUMBER IDENTIFIER
- control field: NUST
005 - DATE AND TIME OF LATEST TRANSACTION
- control field: 20210628204630.0
008 - FIXED-LENGTH DATA ELEMENTS
- fixed length control field: 210628|| aca||aabn | a|a d
040 ## - CATALOGING SOURCE
- Original cataloging agency: NUST
- Transcribing agency: NUST
100 ## - HEADING--PERSONAL NAME
- Personal name: DANISH RATHORE SYED MOHSIN ALI MANESH KUMAR LOHANA
670 ## - SOURCE DATA FOUND
- Source citation: Work cat.: (NUST): DANISH RATHORE SYED MOHSIN ALI MANESH KUMAR LOHANA , PR-SOF-1305-CENTRALIZED INTELLIGENT CONTROL OF MULTIPLE ELECTRO- MECHNICAL SYS, 2013
